Rovnovážne vlastnosti technicky dôležitých sústav /

Salvato in:
Dettagli Bibliografici
Autore principale: Koštenská, Irena (Autore)
Natura: Libro
Pubblicazione: Bratislava : SVŠT v Bratislave, 1988
Tags: Aggiungi Tag
Nessun Tag, puoi essere il primo ad aggiungerne!!

MARC

LEADER 00000nam a22000003a 4500
001 stu15095
005 20150617225800.0
008 ------s1988----cs----------------------d
040 |a STU  |b slo 
041 0
044 |a cs 
080 |a 541.122.001.5  |7 stu_us_auth*stu5719 
100 1 |a Koštenská, Irena  |4 aut 
245 1 |a Rovnovážne vlastnosti technicky dôležitých sústav /  |c [aut.]Koštenská,Irena 
260 |a Bratislava :  |b SVŠT v Bratislave,  |c 1988 
300 |a 104 s :  |b Tab.,grafy,lit 
996 |b CVS90  |c C*VS90  |l CCI  |s A  |a 24  |w stu15095_0001